Fr. Conceicao Rodrigues College of Engineering

Spice Book (Record no. 24409)

MARC details
000 -LEADER
fixed length control field 00355nam a2200169Ia 4500
082 ## - DEWEY DECIMAL CLASSIFICATION NUMBER
Classification number 621.392/VLA
Item number VLA
100 ## - MAIN ENTRY--PERSONAL NAME
Personal name Vladimirescu/Andrei
245 ## - TITLE STATEMENT
Title Spice Book
260 ## - PUBLICATION, DISTRIBUTION, ETC.
Name of publisher, distributor, etc. John wiley and sons
Place of publication, distribution, etc. New Delhi
Date of publication, distribution, etc. 1994
366 ## - TRADE AVAILABILITY INFORMATION
Publishers's discount category 20
300 ## - PHYSICAL DESCRIPTION
Extent 412
546 ## - LANGUAGE NOTE
Language note ENGLISH
650 ## - SUBJECT ADDED ENTRY--TOPICAL TERM
Topical term or geographic name entry element Spice
654 ## - SUBJECT ADDED ENTRY--FACETED TOPICAL TERMS
Focus term spice books
942 ## - ADDED ENTRY ELEMENTS (KOHA)
Koha item type Reference Book
Holdings
Withdrawn status Lost status Damaged status Not for loan Collection Home library Current library Date acquired Source of acquisition Cost, normal purchase price Inventory number Total Checkouts Full call number Barcode Date last seen Cost, replacement price Price effective from Koha item type
        CRC Fr. Agnel's C.Rodrigues College of Engineering Fr. Agnel's C.Rodrigues College of Engineering 17/03/2023 United Book Distributors 2110.08 6284 dt 26/03/2008   621.392/VLA VLA 18634 17/03/2023 2637.60   Reference Book